000 00428nam a2200157Ia 4500
008 240729s9999 xx 000 0 und d
022 _a2468-5704
245 0 _aEnvironmental Disease
260 _aIndia
260 _bWolters Kluwer Medknow Publications
650 _a Public aspects of medicine
650 _aMedicine
856 _uhttps://doaj.org/toc/ec79408462d444b5a877e8aad507e2bb
942 _2ddc
942 _cDOAJEJ
999 _c69746
_d69746
945 _a1
_bMadushi Gamage
_c1
_dMadushi Gamage